=LDR 00000nam 2200000 4500 =001 INLIS000000000060024 =005 20211228122707 =035 ##$$a 0010-1221000251 =007 ta =008 211228###########################0#ind## =020 ##$$a 979-8767-44-6 =082 ##$$a R.346.07 =084 ##$$a R.346.07 Ind u =245 ##$$a Undang - Undang No. 8 Perlindungan Konsumen 1999 /$c Indonesia =300 ##$$a 55 halaman ; $c 21 cm =650 #4$$a Konsumen, Perlindungan - Undang2 dan Peraturan =264 ##$$a Jakarta :$b Sinar Grafika,$c 1999 =336 ##$$a teks$2 rdacontent =337 ##$$a lain-lain$2 rdamedia =338 ##$$a lain-lain$2 rdacarrier =990 ##$$a 38033803 =990 ##$$a 38033803 =990 ##$$a 38033803